Normal view
MARC view
- Concrete Roads
Entry Topical Term
001 - CONTROL NUMBER
- control field: 43555
003 - CONTROL NUMBER IDENTIFIER
- control field: NUST
005 - DATE AND TIME OF LATEST TRANSACTION
- control field: 20210314132701.0
008 - FIXED-LENGTH DATA ELEMENTS
- fixed length control field: 210314|| aca||aabn | a|a d
040 ## - CATALOGING SOURCE
- Original cataloging agency: NUST
- Transcribing agency: NUST
150 ## - HEADING--TOPICAL TERM
- Topical term or geographic name entry element: Concrete Roads
670 ## - SOURCE DATA FOUND
- Source citation: Work cat.: (NUST): Sparkes, F.N 43554, Concrete Roads, 1952
